Central Library OPAC University of Rajshahi

الخصائص ;; al-Khaṣāʼiṣ / (Record no. 78717)

MARC details
000 -LEADER
fixed length control field 01182nam a2200289 a 4500
001 - CONTROL NUMBER
control field 78717
003 - CONTROL NUMBER IDENTIFIER
rucl marc code BD-RjUL
005 - DATE AND TIME OF LATEST TRANSACTION
control field 20211209083151.0
008 - FIXED-LENGTH DATA ELEMENTS--GENERAL INFORMATION
fixed length control field 211107s2006 le b 001 0 ara d
020 ## - INTERNATIONAL STANDARD BOOK NUMBER
International Standard Book Number 9773058948
035 ## - SYSTEM CONTROL NUMBER
System control number (BD-RjUL)78943
040 ## - CATALOGING SOURCE
Original cataloging agency MiU
Transcribing agency MiU
Modifying agency UkOxU
Language of cataloging eng
041 ## - LANGUAGE CODE
Language code of text/sound track or separate title ara
082 ## - DEWEY DECIMAL CLASSIFICATION NUMBER
Edition number 23
Classification number 492.75
Author mark and year IBK 2006
100 1# - MAIN ENTRY--PERSONAL NAME
Personal name بن جني، أبو الفتح عثمان. ;; Ibn Jinnī, Abū al-Fatḥ ʿUthmān,
Dates associated with a name -1002.
9 (RLIN) 249679
245 14 - TITLE STATEMENT
Title الخصائص ;; al-Khaṣāʼiṣ /
Statement of responsibility, etc. تأليف أبي الفتح عثمان بن جني ؛ تحقيق محمد علي النجار.;; taʼlīf Abī al-Fatḥ ʿUthmān ibn Jinnī ; taḥqīq mohammad Ali alnajar
250 ## - EDITION STATEMENT
Edition statement al-Ṭabʿah 1.
260 ## - PUBLICATION, DISTRIBUTION, ETC. (IMPRINT)
Place of publication, distribution, etc. Qahira :
Name of publisher, distributor, etc. Dār al-Kutub al-misriah ,
Date of publication, distribution, etc. 2006.
300 ## - PHYSICAL DESCRIPTION
Pagination 3 v. ;
Size 25 cm.
500 ## - GENERAL NOTE
General note Vol. 3: al-Fahāris.
504 ## - BIBLIOGRAPHY, ETC. NOTE
Bibliography, etc Includes bibliographical references and indexes.
505 ## - FORMATTED CONTENTS NOTE
Formatted contents note V0l.1--v.2.--
650 #0 - SUBJECT ADDED ENTRY--TOPICAL TERM
Topical term or geographic name as entry element Arabic language
General subdivision Grammar
Form subdivision Early works to 1800.
9 (RLIN) 249680
Topical term or geographic name as entry element Arabic language
General subdivision Lexicography
Form subdivision Early works to 1800.
9 (RLIN) 249681
700 1# - ADDED ENTRY--PERSONAL NAME
Personal name Najjar, Muhammad Ali ;; النجار, محمد علي
942 ## - ADDED ENTRY ELEMENTS (KOHA)
Source of classification or shelving scheme Dewey Decimal Classification
Koha item type Books
Holdings
Lost status Source of classification or shelving scheme Damaged status Not for loan Collection code Permanent Location Current Location Shelving location Date acquired Source of acquisition Cost, normal purchase price Total Checkouts Full call number Date last seen Copy number Koha item type
  Dewey Decimal Classification   Not For Loan Non-fiction Central Library, University of Rajshahi Central Library, University of Rajshahi Reading Room 18/11/2009 Ahsaniah Mission , Dhaka 283.33   A 492.75 IBK V-1 2006 08/11/2021 C-1 Books
  Dewey Decimal Classification   Not For Loan Non-fiction Central Library, University of Rajshahi Central Library, University of Rajshahi Reading Room 18/11/2009 Ahsaniah Mission , Dhaka 283.33   A 492.75 IBK V-2 2006 08/11/2021 C-1 Books
  Dewey Decimal Classification   Not For Loan Non-fiction Central Library, University of Rajshahi Central Library, University of Rajshahi Reading Room 18/11/2009 Ahsaniah Mission , Dhaka 283.33   A 492.75 IBK V-3 2006 08/11/2021 C-1 Books